Un primer curso de Teoría de Juegos

Guardat en:
Dades bibliogràfiques
Autor principal: Gibbons, Robert (Autor)
Format: Llibre
Idioma:espanyol
Publicat: Barcelona Antoni Bosch 2003
Edició:1a. ed
Matèries:
Etiquetes: Afegir etiqueta
Sense etiquetes, Sigues el primer a etiquetar aquest registre!

MARC

LEADER 00000cam a2200000 a 4500
001 UCJ9433
003 CL-VaPUC
005 20241018113025.0
008 070316e20030000sp |||||||||||||||||spa|d
999 |c 324958  |d 324956 
020 |a 8485855698 
040 |c Pontificia Universidad Católica de Valparaíso 
082 0 4 |a 658  |b GIB  |2 21 
100 |a Gibbons, Robert  |e author  |9 567669 
245 1 3 |a Un primer curso de Teoría de Juegos 
250 |a 1a. ed 
260 |a Barcelona  |b Antoni Bosch  |c 2003 
300 |a 272 p 
583 |a last modification  |c 20130827 06:11:51  |k Rodrigo Vera 
650 0 |a Teoría de juegos  |9 263826 
650 0 |a Economía  |9 892463  |x Toma de decisiones 
650 0 |a Negociación comercial  |2 CL-VaPUC  |9 343174 
650 0 |a Planificación estratégica   |2 CL-VaPUC  |9 259735 
942 |c BK  |2 ddc 
945 |d 20070316 00:00:00  |a lvergara 
952 |0 0  |1 0  |4 0  |6 658_000000000000000_GIB_2003  |7 0  |8 R  |9 405370  |a BIBENE  |b BIBENE  |d 2019-11-22  |i 4322983  |o 658 GIB 2003  |p 4322983  |r 2025-01-15  |w 2019-11-22  |y BK_R  |k ICO 
952 |0 0  |1 0  |4 0  |6 658_000000000000000_GIB_2003  |7 0  |8 R  |9 405371  |a BIBENE  |b BIBENE  |d 2019-11-22  |i 4322991  |o 658 GIB 2003  |p 4322991  |r 2025-01-15  |w 2019-11-22  |y BK_R  |k ICO 
952 |0 0  |1 0  |4 0  |6 658_000000000000000_GIB_2003  |7 0  |8 R  |9 405372  |a BIBENE  |b BIBENE  |d 2019-11-22  |i 4323009  |o 658 GIB 2003  |p 4323009  |r 2025-01-15  |w 2019-11-22  |y BK_R  |k ICO 
952 |0 0  |1 0  |4 0  |6 658_000000000000000_GIB_2003  |7 0  |8 R  |9 405373  |a BIBENE  |b BIBENE  |d 2019-11-22  |i 4323017  |o 658 GIB 2003  |p 4323017  |r 2025-01-15  |w 2019-11-22  |y BK_R  |k ICO 
952 |0 0  |1 0  |4 0  |6 658_000000000000000_GIB_2003  |7 0  |8 R  |9 405374  |a BIBENE  |b BIBENE  |d 2019-11-22  |i 4323025  |o 658 GIB 2003  |p 4323025  |r 2025-01-15  |w 2019-11-22  |y BK_R  |k ICO 
952 |0 0  |1 0  |3 erb  |4 0  |6 658_000000000000000_GIB_2003  |7 0  |8 R  |9 405375  |a BIBENE  |b BIBENE  |d 2019-11-22  |i 5004527  |l 1  |m 1  |o 658 GIB 2003  |p 5004527  |r 2025-01-15  |s 2022-06-06  |w 2019-11-22  |y BK_R  |z Catalogado en:20130829  |k ICO 
952 |0 0  |1 0  |3 erb  |4 0  |6 658_000000000000000_GIB_2003  |7 0  |8 R  |9 405376  |a BIBENE  |b BIBENE  |d 2019-11-22  |i 5004535  |o 658 GIB 2003  |p 5004535  |r 2025-01-15  |w 2019-11-22  |y BK_R  |z Catalogado en:20130829  |k ICO